000 00590nam a2200193Ia 4500
003 GCL
008 140319s9999 xx 000 0 ara d
040 _aGCL /
_cGCL
082 0 4 _a921
_bم ا
100 1 _aمحمد محمود الصياد
245 1 0 _aاطلس جمهورية مصر العربية والعالم /
_cمحمد محمود الصياد
700 1 _aجورج فيليب
300 _a100 ص
490 _aالهيئة العامة للاستعلامات
_v0
650 0 4 _aالجغرافيا
650 0 4 _aالخرائط
650 0 4 _aالاطالس
942 _2ddc
_cBK
999 _c48392
_d48392